000 00307nam a2200121Ia 4500
008 190802s9999 xx 000 0 und d
020 _a978-93-86322-40-1
100 _aRebecca James
245 0 _aSelf Assessment and Review of Biochemistry
260 _aUSA
_bJaypee
_c2017
300 _a455:p
942 _cBK
999 _c2228
_d2228